| 000 | 01081aam a2200373a 44500 | ||
|---|---|---|---|
| 008 | 970930s1996 cat | ||
| 017 | _aL-872-1996 | ||
| 020 | _a8488645945 | ||
| 041 | _acat | ||
| 041 | _bspa | ||
| 080 | _a651.2(038) | ||
| 110 |
_aUniversitat de Lleida. Servei de Llengua i Terminologia _967253 |
||
| 245 | _aMaterial d'oficina | ||
| 245 | _cUniversitat de Lleida. Servei de Llengua i Terminologia. | ||
| 260 | _aLleida | ||
| 260 | _bEdicions de la Universitat de Lleida | ||
| 260 | _c1996 | ||
| 300 |
_a27 p. _c21 cm. |
||
| 490 |
_aQuaderns d'Assessorament Terminològic; _v2 |
||
| 500 | _aCategoria gramatical, sinònims | ||
| 500 | _aÍndex: p. 21. Bibliografia: p. 27 | ||
| 520 | _aaprox. 230 | ||
| 591 | _a5337 | ||
| 592 | _aObra terminològica | ||
| 593 | _aNOC | ||
| 594 | _a5337 | ||
| 650 |
_amaterial d'oficina _961320 |
||
| 830 |
_aQuaderns d'Assessorament Terminològic; _v2 _967254 |
||
| 901 | _cDL <1996> | ||
| 902 | _a970930 | ||
| 942 |
_cMO _n0 |
||
| 999 |
_c56052 _d56052 |
||